000 00617nam a2200193Ia 4500
003 IN-BaIIA
008 211028s9999 xx 000 0 eng d
040 _cIIA Library
080 _a059(54)
_bSWA
100 _aSwamikannu Pillai, L. D.
_9833
245 3 _aAn Indian ephemeris
_bvol. I, pt. I, AD 700 to AD 1799, general principles and tables
_cL. D. Swamikannu Pillai
260 _aMadras
_bThe Superintendent Government Press
_c1922
300 _axi, 201p.
650 _aAlmanacs
_9834
650 _aAstronomy and Astrophysics Thesaurus
650 _aEphemeris
_9835
650 _aIndian Ephemeris
_9836
942 _cBK
999 _c379
_d379